<?xml version="1.0" encoding="UTF-8"?>
<marc:record xmlns:marc="http://www.loc.gov/MARC21/slim">
   <marc:leader>00000nam a2200000 a 4500</marc:leader>
   <marc:datafield ind1="1" ind2=" " tag="100">
      <marc:subfield code="a">Glynn, Connie</marc:subfield>
      <marc:subfield code="4">aut</marc:subfield>
      <marc:subfield code="e">Verfasser/-in</marc:subfield>
   </marc:datafield>
   <marc:datafield ind1=" " ind2=" " tag="653">
      <marc:subfield code="a">Jugendbücher ab 12 Jahre</marc:subfield>
   </marc:datafield>
   <marc:datafield ind1="0" ind2="0" tag="245">
      <marc:subfield code="a">Prinzessin undercover – Entscheidungen</marc:subfield>
   </marc:datafield>
   <marc:datafield ind1="0" ind2="0" tag="245">
      <marc:subfield code="b">Band 3</marc:subfield>
   </marc:datafield>
   <marc:datafield ind1="0" ind2="0" tag="245">
      <marc:subfield code="c">Glynn, Connie</marc:subfield>
   </marc:datafield>
   <marc:datafield ind1=" " ind2="1" tag="264">
      <marc:subfield code="a">Frankfurt</marc:subfield>
      <marc:subfield code="b">FISCHER KJB</marc:subfield>
      <marc:subfield code="c">2019</marc:subfield>
   </marc:datafield>
   <marc:datafield ind1="1" ind2=" " tag="490">
      <marc:subfield code="a">Prinzessin undercover</marc:subfield>
      <marc:subfield code="v">3</marc:subfield>
   </marc:datafield>
   <marc:datafield ind1=" " ind2=" " tag="250">
      <marc:subfield code="a">3. Auflage</marc:subfield>
   </marc:datafield>
   <marc:datafield ind1="1" ind2=" " tag="520">
      <marc:subfield code="a">Angaben aus der Verlagsmeldung 

 Prinzessin undercover – Entscheidungen  : Band 3  The Rosewood Chronicles – The Lost Princess  Glynn, Prinzessin undercover – Entscheidungen  / von Connie Glynn

Action und Verschwörungen in der Welt einer unfreiwilligen Prinzessin Zwei Jahre sind vergangen, seit Lottie auf das exklusive Internat Rosewood Hall gekommen ist und die Rolle der Prinzessin von Maradova eingenommen hat, um die echte Prinzessin Ellie zu schützen. Nachdem sie den Anschlagsversuchen der Gemeinorganisation Leviathan bereits zweimal nur knapp entkommen konnten, brauchen Lottie, Ellie und ihre Freunde dringend eine Auszeit. Sie reisen nach Japan, büffeln für die Prüfungen und schließen neue Freundschaften. Doch der nächste Schock lässt nicht lange auf sich warten: Leviathan spürt sie auf und versucht, Ellies Leibwächter Jamie auf seine Seite zu ziehen. Jetzt sind Lottie und Ellie im Kampf gegen Leviathan ganz auf sich allein gestellt und stehen vor großen Entscheidungen ... Der dritte Band der erfolgreichen Serie – für alle Mädchen, die im Herzen Prinzessinnen sind und schon sehnsüchtig auf die Fortsetzung warten! Wunderschön ausgestattetes Hardcover mit Goldfolie und glitzerndem Vorsatzpapier Alle Bände der Serie »Prinzessin undercover«: Band 1: Geheimnisse Band 2: Enthüllungen Band 3: Entscheidungen</marc:subfield>
   </marc:datafield>
   <marc:datafield ind1=" " ind2=" " tag="020">
      <marc:subfield code="a">9783737341677</marc:subfield>
      <marc:subfield code="9">9783737341677</marc:subfield>
   </marc:datafield>
   <marc:datafield ind1=" " ind2=" " tag="020">
      <marc:subfield code="a">3737341672</marc:subfield>
      <marc:subfield code="9">3737341672</marc:subfield>
   </marc:datafield>
   <marc:datafield ind1=" " ind2=" " tag="041">
      <marc:subfield code="a">ger</marc:subfield>
   </marc:datafield>
   <marc:datafield ind1=" " ind2=" " tag="300">
      <marc:subfield code="b">1 s/w-Abbildung</marc:subfield>
   </marc:datafield>
   <marc:datafield ind1="0" ind2=" " tag="490">
      <marc:subfield code="v">3</marc:subfield>
   </marc:datafield>
   <marc:datafield ind1=" " ind2=" " tag="338">
      <marc:subfield code="a">Band</marc:subfield>
   </marc:datafield>
   <marc:datafield ind1=" " ind2=" " tag="300">
      <marc:subfield code="a">384 Seiten</marc:subfield>
   </marc:datafield>
</marc:record>
